| 000 | 00404nam a22001457a 4500 | ||
|---|---|---|---|
| 005 | 20250711114253.0 | ||
| 008 | 250711b |||||||| |||| 00| 0 eng d | ||
| 020 | _a9789988596699 | ||
| 050 |
_aBT 75 _b.2 HEW |
||
| 100 | _aHEWRD-MILLS, DAG | ||
| 245 |
_aBASIC THEOLOGY _bIN THE BEGINNING WAS THE WORD _cDAG HEWARD-MILLS |
||
| 260 |
_aACCRA _bPARCHMENT HOUSE _cc2007 |
||
| 300 | _a466p,; | ||
| 942 |
_2lcc _cBK _n0 |
||
| 999 |
_c6918 _d6918 |
||